[Event "GER CupT"]
[Site "Germany"]
[Date "2023.03.12"]
[Round "4.2"]
[White "Polzin, Rainer"]
[Black "Kamsky, Gata"]
[Result "1/2-1/2"]
[WhiteElo "2398"]
[BlackElo "2663"]
[PlyCount "44"]
[EventDate "2023.01.28"]
[EventType "team-k.o."]
[EventRounds "4"]
[EventCountry "GER"]
[SourceTitle "EXT 2024"]
[Source "ChessBase"]
[SourceDate "2023.10.10"]
[SourceVersion "1"]
[SourceVersionDate "2023.10.10"]
[SourceQuality "1"]
[WhiteTeam "Berlin SF"]
[BlackTeam "Schachfreunde Deizisau"]
[WhiteTeamCountry "GER"]
[BlackTeamCountry "GER"]

1. e4 e5 2. Nf3 Nc6 3. Bb5 Nf6 4. 0-0 Nxe4 5. Re1 Nd6 6. Nxe5 Be7 7. Bf1 Nxe5 8. Rxe5 0-0 9. d4 Ne8 10. d5 d6 11. Re1 Bg5 12. Nc3 Bxc1 13. Rxc1 Nf6 14. h3 Bd7 15. Qd4 a5 16. Bd3 Re8 17. Kf1 Rxe1+ 18. Rxe1 Qf8 19. Re3 c6 20. dxc6 bxc6 21. Ne4 Nxe4 22. Qxe4 g6 1/2-1/2

[Event "BL2-Nord 2122"]
[Site "Germany"]
[Date "2022.05.14"]
[Round "5.6"]
[White "Polzin, Rainer"]
[Black "Palac, Mladen"]
[Result "1/2-1/2"]
[WhiteElo "2393"]
[BlackElo "2501"]
[PlyCount "28"]
[EventDate "2022.03.05"]
[EventType "team-tourn"]
[EventRounds "10"]
[EventCountry "GER"]
[SourceTitle "EXT 2023"]
[Source "ChessBase"]
[SourceDate "2022.10.05"]
[SourceVersion "1"]
[SourceVersionDate "2022.10.05"]
[SourceQuality "1"]
[WhiteTeam "Berlin SF II"]
[BlackTeam "Kirchweyhe"]
[WhiteTeamCountry "GER"]
[BlackTeamCountry "GER"]

1. e4 c5 2. Nc3 Nc6 3. Nge2 g6 4. d4 cxd4 5. Nxd4 Bg7 6. Be3 Nf6 7. Bc4 0-0 8. Bb3 d6 9. f3 Nxd4 10. Bxd4 Qa5 11. Qd2 Be6 12. 0-0-0 b5 13. Kb1 b4 14. Nd5 Bxd5 1/2-1/2

[Event "Millennium Hybrid Masters"]
[Site "Tornelo INT"]
[Date "2022.03.09"]
[Round "3.4"]
[White "Polzin, Rainer"]
[Black "Pubantz, Jan"]
[Result "1/2-1/2"]
[WhiteElo "2393"]
[BlackElo "2269"]
[PlyCount "76"]
[EventDate "2022.03.09"]
[EventType "team-tourn"]
[EventRounds "5"]
[EventCountry "GER"]
[SourceTitle "EXT 2023"]
[Source "ChessBase"]
[SourceDate "2022.10.05"]
[SourceVersion "1"]
[SourceVersionDate "2022.10.05"]
[SourceQuality "1"]
[WhiteTeam "Berlin SF"]
[BlackTeam "Niedersachsen Schachverband"]
[WhiteTeamCountry "GER"]
[BlackTeamCountry "GER"]

1. g3 d5 2. Bg2 c6 3. Nf3 Nf6 4. b3 Bg4 5. Bb2 Nbd7 6. 0-0 e6 7. d3 Bc5 8. Nbd2 0-0 9. e4 dxe4 10. dxe4 e5 11. h3 Bxf3 12. Qxf3 Qe7 13. a4 b5 14. Qe2 a6 15. Ra2 Nb6 16. Nf3 Nfd7 17. axb5 axb5 18. Rfa1 Rxa2 19. Rxa2 Ra8 20. Rxa8+ Nxa8 21. Qd1 Nc7 22. h4 f6 23. Bh3 Nf8 24. Kg2 Nfe6 25. h5 Qd6 26. Qxd6 Bxd6 27. Bc3 Kf7 28. Bf5 g6 29. Bg4 b4 30. Bb2 Nb5 31. Kf1 Nc5 32. Nd2 Nc3 33. Bf3 Bf8 34. hxg6+ hxg6 35. Bxc3 bxc3 36. Nb1 Nxb3 37. Nxc3 Nd4 38. Bd1 Bb4 1/2-1/2

[Event "EU-Cup 34th"]
[Site "Porto Carras"]
[Date "2018.10.15"]
[Round "4.5"]
[White "Polzin, Rainer"]
[Black "Lomasov, Semen"]
[Result "1/2-1/2"]
[WhiteElo "2397"]
[BlackElo "2540"]
[PlyCount "81"]
[EventDate "2018.10.12"]
[EventType "team-swiss"]
[EventRounds "7"]
[EventCountry "GRE"]
[SourceTitle "CBM 187"]
[Source "ChessBase"]
[SourceDate "2018.12.11"]
[SourceVersion "1"]
[SourceVersionDate "2018.12.11"]
[SourceQuality "1"]
[WhiteTeam "Berlin SF"]
[BlackTeam "Molodezhka"]
[WhiteTeamCountry "GER"]
[BlackTeamCountry "RUS"]

1. e4 e5 2. Nf3 Nc6 3. Bb5 a6 4. Ba4 Nf6 5. 0-0 Nxe4 6. d4 b5 7. Bb3 d5 8. Nxe5 Nxe5 9. dxe5 c6 10. Be3 Be7 11. c3 0-0 12. f3 Nc5 13. Bc2 f5 14. exf6 Rxf6 15. Nd2 Bf5 16. Bxf5 Rxf5 17. Nb3 Ne6 18. a4 Bd6 19. g3 Rf8 20. f4 Qe7 21. Re1 Qf7 22. Nd4 Nxd4 23. Bxd4 b4 24. Qd3 a5 25. Re2 bxc3 26. bxc3 Rfe8 27. Rae1 Rxe2 28. Qxe2 c5 29. Be5 Bf8 30. Qb5 h5 31. Rf1 h4 32. Qd3 d4 33. cxd4 cxd4 34. Rc1 hxg3 35. hxg3 Rd8 36. Rc7 Rd7 37. Rxd7 Qxd7 38. Qxd4 Qc6 39. Kh2 Qh6+ 40. Kg2 Qc6+ 41. Kh2 1/2-1/2

[Event "EU-Cup 34th"]
[Site "Porto Carras"]
[Date "2018.10.13"]
[Round "2.5"]
[White "Brunello, Sabino"]
[Black "Polzin, Rainer"]
[Result "1-0"]
[WhiteElo "2548"]
[BlackElo "2397"]
[PlyCount "77"]
[EventDate "2018.10.12"]
[EventType "team-swiss"]
[EventRounds "7"]
[EventCountry "GRE"]
[SourceTitle "CBM 187"]
[Source "ChessBase"]
[SourceDate "2018.12.11"]
[SourceVersion "1"]
[SourceVersionDate "2018.12.11"]
[SourceQuality "1"]
[WhiteTeam "Padova Obiettivo"]
[BlackTeam "Berlin SF"]
[WhiteTeamCountry "ITA"]
[BlackTeamCountry "GER"]

1. d4 Nf6 2. c4 g6 3. Nc3 Bg7 4. e4 d6 5. h3 0-0 6. Be3 Na6 7. g4 e5 8. d5 Nc5 9. Bg2 a5 10. Nge2 Ne8 11. Ng3 Bf6 12. Qd2 Bh4 13. 0-0-0 Ng7 14. Nge2 f6 15. f4 exf4 16. Bxf4 Nd7 17. Nd4 Bg5 18. Bxg5 fxg5 19. Nf3 Qe7 20. Rhf1 h6 21. Rde1 Rf4 22. Ne2 Rf8 23. Qc3 a4 24. e5 dxe5 25. Ng3 Rf4 26. Nxe5 Nxe5 27. Rxe5 Qf8 28. Rxf4 gxf4 29. Ne4 Bd7 30. Bf3 b6 31. h4 Rd8 32. g5 h5 33. Nf6+ Kh8 34. Be4 Qf7 35. Qa3 Bg4 36. Re7 Qf8 37. Bxg6 f3 38. Rf7 Qxa3 39. bxa3 1-0

[Event "BL2-Nord 1718"]
[Site "Germany"]
[Date "2018.04.15"]
[Round "9.1"]
[White "Moranda, Wojciech"]
[Black "Polzin, Rainer"]
[Result "1-0"]
[WhiteElo "2589"]
[BlackElo "2396"]
[PlyCount "57"]
[EventDate "2017.10.08"]
[EventType "team-tourn"]
[EventRounds "9"]
[EventCountry "GER"]
[SourceTitle "EXT 2019"]
[Source "ChessBase"]
[SourceDate "2018.10.10"]
[SourceVersion "1"]
[SourceVersionDate "2018.10.10"]
[SourceQuality "1"]
[WhiteTeam "Glueck Auf Ruedersdorf"]
[BlackTeam "Berlin SF II"]
[WhiteTeamCountry "GER"]
[BlackTeamCountry "GER"]

1. d4 Nf6 2. c4 g6 3. Nc3 Bg7 4. e4 d6 5. f4 0-0 6. Nf3 Na6 7. Bd3 Bg4 8. 0-0 Nd7 9. Be3 e5 10. fxe5 c5 11. Be2 Bxf3 12. gxf3 cxd4 13. Qxd4 dxe5 14. Qd2 Ndc5 15. Qxd8 Rfxd8 16. Nd5 Ne6 17. b4 Nf4 18. Bxf4 exf4 19. Rac1 Be5 20. Rfd1 Nc7 21. c5 Kf8 22. a4 Nxd5 23. exd5 a5 24. bxa5 Rxa5 25. Bb5 Rda8 26. d6 Rb8 27. Rd5 f6 28. Re1 b6 29. Rexe5 1-0

[Event "BL2-Nord 1718"]
[Site "Germany"]
[Date "2018.03.18"]
[Round "8.1"]
[White "Polzin, Rainer"]
[Black "Salgado Lopez, Ivan"]
[Result "0-1"]
[WhiteElo "2396"]
[BlackElo "2629"]
[PlyCount "86"]
[EventDate "2017.10.08"]
[EventType "team-tourn"]
[EventRounds "9"]
[EventCountry "GER"]
[SourceTitle "CBM 183 Extra"]
[Source "ChessBase"]
[SourceDate "2018.04.19"]
[SourceVersion "1"]
[SourceVersionDate "2018.04.19"]
[SourceQuality "1"]
[WhiteTeam "Berlin SF II"]
[BlackTeam "Kiel Turm"]
[WhiteTeamCountry "GER"]
[BlackTeamCountry "GER"]

1. e4 c5 2. Nc3 a6 3. f4 e6 4. Nf3 b5 5. Qe2 Bb7 6. g4 Nc6 7. d3 Nd4 8. Nxd4 cxd4 9. Nd1 Rc8 10. Bg2 Qh4+ 11. Nf2 Bb4+ 12. Kd1 Ne7 13. f5 0-0 14. Nh3 exf5 15. gxf5 f6 16. a3 Bd6 17. Bd2 Nxf5 18. Rf1 Ne3+ 19. Bxe3 dxe3 20. Qxe3 f5 21. Nf2 Qxh2 22. Qh3 Qxh3 23. Bxh3 fxe4 24. Nxe4 Rxf1+ 25. Bxf1 Be7 26. Bh3 Rf8 27. Ke2 Bc6 28. Rg1 g6 29. c3 Kg7 30. Bg4 Rf4 31. Bf3 h6 32. Nd2 g5 33. Bxc6 dxc6 34. Nf3 Bf6 35. Ke3 Kg6 36. d4 h5 37. a4 h4 38. axb5 axb5 39. Ra1 Kf5 40. Rf1 Kg6 41. Ra1 Kh5 42. Rh1 Bd8 43. Ne5 Rf6 0-1

[Event "BL2-Nord 1718"]
[Site "Germany"]
[Date "2018.01.21"]
[Round "5.3"]
[White "Bracker, Frank"]
[Black "Polzin, Rainer"]
[Result "1-0"]
[WhiteElo "2392"]
[BlackElo "2396"]
[PlyCount "77"]
[EventDate "2017.10.08"]
[EventType "team-tourn"]
[EventRounds "9"]
[EventCountry "GER"]
[SourceTitle "CBM 183 Extra"]
[Source "ChessBase"]
[SourceDate "2018.04.19"]
[SourceVersion "1"]
[SourceVersionDate "2018.04.19"]
[SourceQuality "1"]
[WhiteTeam "Hamburger SK II"]
[BlackTeam "Berlin SF II"]
[WhiteTeamCountry "GER"]
[BlackTeamCountry "GER"]

1. e4 g6 2. d4 Bg7 3. Nf3 d6 4. Bc4 Nf6 5. Qe2 Nc6 6. e5 dxe5 7. dxe5 Ng4 8. e6 f5 9. h3 Nge5 10. Nxe5 Nxe5 11. Bb3 0-0 12. 0-0 f4 13. Qe4 g5 14. Nc3 c6 15. Bd2 Qe8 16. f3 b6 17. Be1 Ba6 18. Rf2 Kh8 19. Rd1 Rd8 20. Rxd8 Qxd8 21. Rd2 Qc7 22. h4 gxh4 23. Bxh4 Bc8 24. Bf2 Ng6 25. Ne2 Qe5 26. Qxc6 Qxb2 27. Rd1 Ba6 28. Nd4 Bf6 29. Qc7 Rg8 30. Nf5 Qe5 31. Qxe5 Nxe5 32. Nh6 Rc8 33. Rd7 Bb5 34. Rxa7 Nc6 35. Rb7 Nd4 36. Nf7+ Kg8 37. Rxb6 Bc4 38. Nh6+ Kg7 39. Ng4 1-0